000 00872nam a2200241 a 4500
005 20210223125214.0
008 031031s1984 mx r 000 0 spa d
020 _a8434581531
035 _aUPN01000130556
049 _aCG
050 4 _aDA566.9 C5
_bM6.3
100 1 _aMoorehead, Allan
245 1 0 _aChurchill /
_cAllan Moorehead, H. B. D. Kettlewell ; prol. José Ma. de Areilza ; tr. Pilar Bosque Sandra.
260 _aBarcelona, Esp. :
_bSalvat,
_c1984.
300 _a190 p. :
_bil.
440 0 _aBiblioteca Salvat de grandes biografías ;
_v8
534 _pTraducción de:
_tChurchill, and his world
600 1 4 _aCHURCHILL, WINSTON LEONARD SPENCER,
_cSIR,
_d1874-1965
_93098
650 4 _aGUERRA MUNDIAL -
_y1939-1945 -
_zGRAN BRETAÑA
651 4 _aGRAN BRETAÑA -
_xPOLITICA Y GOBIERNO -
_y1936-1945
700 1 _aKettlewell, H.B.D.,
_ecoaut.
905 _aLibro
999 _c102713
_d102713